| 000 | 00398nam a2200169 a 4500 | ||
|---|---|---|---|
| 001 | 18920 | ||
| 005 | 20180713212303.0 | ||
| 008 | 140415s1944 000 0 spa d | ||
| 041 | _aspa | ||
| 082 |
_a937 _bTAC |
||
| 100 | 1 | _aTACITO | |
| 245 | 1 | 0 | _aHISTORIAS |
| 260 |
_a[s.l.] : _bESPASA-CALPE, _c1944 |
||
| 300 | _a232 | ||
| 490 |
_aAUSTRAL _v462 |
||
| 650 | 1 | 4 |
_aITALIA _xHISTORIA |
| 999 |
_c18920 _d18920 |
||